[Event "AUT_chT"]
[Site "2005/2006"]
[Date "2006.01.14"]
[Round "6"]
[White "Ljubic, Juro"]
[Black "Knoll, Hermann"]
[Result "0-1"]
[WhiteElo "2202"]
[BlackElo "2361"]
[PlyCount "68"]
[EventDate "2005.10.??"]
[EventType "team"]
[EventRounds "11"]
[EventCountry "AUT"]
[WhiteTeam "Sparkasse Schwarzach"]
[BlackTeam "Union Ansfelden"]
[WhiteTeamCountry "AUT"]
[BlackTeamCountry "AUT"]

1. e4 e5 2. Nc3 Nf6 3. f4 d5 4. fxe5 Nxe4 5. Qf3 Nxc3 6. dxc3 Qh4+ 7. g3 Qe4+
8. Qxe4 dxe4 9. Bg2 Bf5 10. Ne2 Nc6 11. Nd4 Nxd4 12. cxd4 O-O-O 13. Be3 Be7 14.
Rf1 Bg6 15. O-O-O c6 16. Bf4 f5 17. exf6 gxf6 18. Bh3+ f5 19. g4 Rhf8 20. Bh6
f4 21. Rxf4 Rxf4 22. Bxf4 Rf8 23. Bg3 Bg5+ 24. Kb1 e3 25. Bg2 Bf4 26. Bh4 Bxh2
27. d5 cxd5 28. Bxd5 Bd6 29. a3 Kc7 30. Bc4 Rf3 31. Re1 Bf4 32. Rf1 Be4 33. Rh1
Rf2 34. Re1 Rxc2 0-1

[Event "AUT_chT"]
[Site "2005/2006"]
[Date "2006.01.14"]
[Round "6"]
[White "Rotstein, Arkadij"]
[Black "Pavasovic, Dusko"]
[Result "0-1"]
[WhiteElo "2520"]
[BlackElo "2535"]
[PlyCount "145"]
[EventDate "2005.10.??"]
[EventType "team"]
[EventRounds "11"]
[EventCountry "AUT"]
[WhiteTeam "Tschaturanga Neubau"]
[BlackTeam "Maria Saal"]
[WhiteTeamCountry "AUT"]
[BlackTeamCountry "AUT"]

1. Nf3 f5 2. g3 Nf6 3. Bg2 g6 4. b4 Bg7 5. Bb2 d6 6. d4 e5 7. dxe5 Nfd7 8. Qd5
Nc6 9. Qe6+ Kf8 10. Qb3 Ndxe5 11. Nxe5 dxe5 12. Bxc6 bxc6 13. Nd2 Qe7 14. O-O
Be6 15. Qe3 Bd5 16. c4 Bf7 17. Rfd1 e4 18. Bd4 Bxd4 19. Qxd4 Rg8 20. a3 g5 21.
Nb3 Rg6 22. Na5 f4 23. Qc5 Re6 24. Nb7 e3 25. f3 fxg3 26. hxg3 Qxc5 27. Nxc5
Re7 28. Rd4 Kg7 29. Rad1 a5 30. b5 Re5 31. Nd7 Re7 32. bxc6 Ra6 33. Rb1 Rxc6
34. Rb5 Rxc4 35. Rxg5+ Kh6 36. Rgg4 Rc1+ 37. Kg2 Re1 38. Rh4+ Kg7 39. Rhg4+ Bg6
40. f4 Rxe2+ 41. Kf1 Rd2 42. f5 Rf2+ 43. Ke1 Rxf5 44. Rge4 Rf1+ 45. Kxf1 Bxe4
46. Nc5 Bf3 47. Rf4 e2+ 48. Ke1 Re3 49. Ne6+ Rxe6 50. Rxf3 Re5 51. Rc3 c5 52.
Rc4 Kf6 53. Ra4 Kg5 54. Rxa5 Kg4 55. Rb5 Kxg3 56. a4 h5 57. a5 h4 58. a6 Re4
59. Rxc5 h3 60. Rg5+ Kh4 61. Rg7 h2 62. Rh7+ Kg3 63. a7 Ra4 64. Kxe2 Rxa7 65.
Rxa7 h1=Q 66. Rg7+ Kf4 67. Rf7+ Ke5 68. Re7+ Kd6 69. Re3 Qg2+ 70. Kd3 Kd5 71.
Re2 Qf3+ 72. Re3 Qd1+ 73. Kc3 0-1

[Event "AUT_chT"]
[Site "2005/2006"]
[Date "2006.01.14"]
[Round "6"]
[White "Buhmann, Rainer"]
[Black "Srienz, Christian"]
[Result "1-0"]
[WhiteElo "2546"]
[BlackElo "2233"]
[PlyCount "45"]
[EventDate "2005.10.??"]
[EventType "team"]
[EventRounds "11"]
[EventCountry "AUT"]
[WhiteTeam "Maria Saal"]
[BlackTeam "Tschaturanga Neubau"]
[WhiteTeamCountry "AUT"]
[BlackTeamCountry "AUT"]

1. Nf3 Nf6 2. c4 c5 3. Nc3 Nc6 4. d4 cxd4 5. Nxd4 e6 6. Bf4 d5 7. Ndb5 e5 8.
cxd5 exf4 9. dxc6 bxc6 10. Qxd8+ Kxd8 11. Rd1+ Bd7 12. Nd6 Bxd6 13. Rxd6 Rb8
14. b3 Rb4 15. g3 Kc7 16. Rd2 Re8 17. Bg2 Bf5 18. O-O Ne4 19. Bxe4 Bxe4 20. Rc1
Rd8 21. Rxd8 Kxd8 22. a3 Rd4 23. e3 1-0

[Event "AUT_chT"]
[Site "2005/2006"]
[Date "2006.01.14"]
[Round "6"]
[White "Schwaninger, Wolfgang"]
[Black "Tratar, Marko"]
[Result "1-0"]
[WhiteElo "2250"]
[BlackElo "2466"]
[PlyCount "85"]
[EventDate "2005.10.??"]
[EventType "team"]
[EventRounds "11"]
[EventCountry "AUT"]
[WhiteTeam "Tschaturanga Neubau"]
[BlackTeam "Maria Saal"]
[WhiteTeamCountry "AUT"]
[BlackTeamCountry "AUT"]

1. d4 d6 2. Nf3 f5 3. e3 Nf6 4. c4 g6 5. Nc3 Bg7 6. Be2 O-O 7. O-O c6 8. b4 e5
9. dxe5 Ng4 10. Qb3 Nxe5 11. Rd1 Be6 12. Nd4 Bf7 13. f4 Ned7 14. a4 Qe7 15. Qa3
Nb6 16. Qb3 d5 17. cxd5 Nxd5 18. Nxd5 Bxd5 19. Bc4 Bxc4 20. Qxc4+ Qf7 21. Qxf7+
Kxf7 22. Ba3 Nd7 23. Rac1 Rfd8 24. b5 c5 25. Bxc5 Nxc5 26. Rxc5 Rac8 27. Rxc8
Rxc8 28. Kf2 Rc4 29. a5 Bf6 30. a6 bxa6 31. bxa6 Ra4 32. Nb5 Ke7 33. Nc7 Bb2
34. Rb1 Ba3 35. Rb7 Bc5 36. Nb5+ Kf6 37. Rc7 Bb6 38. Rc6+ Ke7 39. Nxa7 Bd8 40.
Nb5 Ra5 41. a7 Kd7 42. Rd6+ Ke7 43. Ke2 1-0

[Event "AUT_chT"]
[Site "2005/2006"]
[Date "2006.01.14"]
[Round "6"]
[White "Hoelzl, Franz"]
[Black "Lenz, Alarich"]
[Result "1-0"]
[WhiteElo "2364"]
[BlackElo "2194"]
[PlyCount "57"]
[EventDate "2005.10.??"]
[EventType "team"]
[EventRounds "11"]
[EventCountry "AUT"]
[WhiteTeam "Maria Saal"]
[BlackTeam "Tschaturanga Neubau"]
[WhiteTeamCountry "AUT"]
[BlackTeamCountry "AUT"]

1. d4 Nf6 2. Nf3 e6 3. g3 b6 4. Bg2 Bb7 5. O-O Be7 6. c4 O-O 7. Re1 d5 8. cxd5
exd5 9. Ne5 Na6 10. Nc3 c5 11. Be3 Rc8 12. Rc1 cxd4 13. Bxd4 Nc5 14. e3 Re8 15.
Bh3 Rb8 16. b4 Nce4 17. Nxe4 dxe4 18. Qa4 a6 19. Nc6 Bxc6 20. Rxc6 Qd5 21. Rb1
Qh5 22. Bg2 Nd5 23. b5 axb5 24. Rxb5 Bc5 25. Qb3 Rbc8 26. Rxc8 Rxc8 27. Bxc5
bxc5 28. Rxc5 Rd8 29. Bxe4 1-0

[Event "AUT_chT"]
[Site "2005/2006"]
[Date "2006.01.14"]
[Round "6"]
[White "Kleiser, Gregor"]
[Black "Diermair, Andreas"]
[Result "1/2-1/2"]
[WhiteElo "2263"]
[BlackElo "2351"]
[PlyCount "78"]
[EventDate "2005.10.??"]
[EventType "team"]
[EventRounds "11"]
[EventCountry "AUT"]
[WhiteTeam "Tschaturanga Neubau"]
[BlackTeam "Maria Saal"]
[WhiteTeamCountry "AUT"]
[BlackTeamCountry "AUT"]

1. d4 Nf6 2. Nf3 e6 3. Bf4 c5 4. e3 b6 5. c3 cxd4 6. exd4 Be7 7. Bd3 O-O 8. O-O
Ba6 9. a4 Bxd3 10. Qxd3 Nc6 11. Nbd2 Nd5 12. Bg3 d6 13. Rfe1 h6 14. h3 Qd7 15.
Nc4 Rac8 16. Nfd2 Nf6 17. f4 g6 18. Bh4 Nh5 19. Bxe7 Nxe7 20. Rf1 Qc7 21. Qf3
Ng7 22. Ne3 Kh7 23. Qe2 Qc6 24. Qb5 Ngf5 25. Nxf5 gxf5 26. Qxc6 Rxc6 27. Kf2
Rg8 28. Kf3 Nd5 29. Rg1 h5 30. g4 fxg4+ 31. hxg4 hxg4+ 32. Rxg4 Rxg4 33. Kxg4
Kg6 34. Rg1 f5+ 35. Kf3+ Kf7 36. Rh1 Kg7 37. Rg1+ Kf7 38. Rh1 Kg7 39. Rg1+ Kf7
1/2-1/2

[Event "AUT_chT"]
[Site "2005/2006"]
[Date "2006.01.15"]
[Round "7"]
[White "Tratar, Marko"]
[Black "Shengelia, Davit"]
[Result "0-1"]
[WhiteElo "2466"]
[BlackElo "2562"]
[PlyCount "104"]
[EventDate "2005.10.??"]
[EventType "team"]
[EventRounds "11"]
[EventCountry "AUT"]
[WhiteTeam "Maria Saal"]
[BlackTeam "Styria Graz - Kl.Zeitung"]
[WhiteTeamCountry "AUT"]
[BlackTeamCountry "AUT"]

1. Nf3 d5 2. d4 c6 3. c4 Nf6 4. Nc3 Bf5 5. cxd5 Nxd5 6. e3 e6 7. Bd3 Bxd3 8.
Qxd3 Be7 9. O-O O-O 10. Rd1 Nd7 11. e4 Nxc3 12. bxc3 Qc7 13. Bg5 Bxg5 14. Nxg5
h6 15. Nf3 Rfd8 16. c4 Qf4 17. g3 Qg4 18. Qe3 Nf6 19. e5 Nh7 20. Kg2 Rd7 21. h3
Qf5 22. Qd3 Qxd3 23. Rxd3 Rad8 24. c5 Ng5 25. Rb1 Nxf3 26. Rxf3 Rxd4 27. Rxb7
R8d7 28. Rxd7 Rxd7 29. Ra3 Rd5 30. f4 Rxc5 31. Rxa7 g5 32. Kf3 Kg7 33. Ra3 Kg6
34. Re3 Ra5 35. a3 h5 36. Rc3 gxf4 37. Kxf4 Ra4+ 38. Kf3 Kf5 39. Rxc6 Rxa3+ 40.
Kg2 Ra5 41. Rc7 Kg6 42. g4 h4 43. Rc8 Kg7 44. Kf3 Rxe5 45. Kf4 Ra5 46. Rc3 Kf6
47. Rb3 Kg6 48. Rc3 f6 49. Rb3 e5+ 50. Ke4 Ra4+ 51. Kd5 Rd4+ 52. Ke6 e4 0-1

[Event "AUT_chT"]
[Site "2005/2006"]
[Date "2006.01.15"]
[Round "7"]
[White "Balinov, Ilija"]
[Black "Kaspret, Guido"]
[Result "0-1"]
[WhiteElo "2455"]
[BlackElo "2295"]
[PlyCount "105"]
[EventDate "2005.10.??"]
[EventType "team"]
[EventRounds "11"]
[EventCountry "AUT"]
[WhiteTeam "Styria Graz - Kl.Zeitung"]
[BlackTeam "Maria Saal"]
[WhiteTeamCountry "AUT"]
[BlackTeamCountry "AUT"]

1. e4 e5 2. Nf3 Nf6 3. Nxe5 d6 4. Nf3 Nxe4 5. d4 d5 6. Bd3 Nc6 7. O-O Bg4 8.
Re1 f5 9. c4 Bb4 10. Nc3 O-O 11. cxd5 Bxf3 12. gxf3 Bxc3 13. bxc3 Nxc3 14. Qb3
Nxd4 15. Qxc3 Nxf3+ 16. Kf1 Qh4 17. Bb5 Qh3+ 18. Ke2 Rae8+ 19. Bxe8 Rxe8+ 20.
Be3 Nxe1 21. Rxe1 f4 22. Rg1 g6 23. d6 fxe3 24. Qc4+ Qe6 25. Qxe6+ Rxe6 26. Rb1
exf2+ 27. Kxf2 b6 28. Rc1 Rxd6 29. Rxc7 Rd2+ 30. Kg3 Rxa2 31. h4 Ra4 32. Rb7 h6
33. Kh3 g5 34. h5 Rh4+ 35. Kg3 Ra4 36. Kf3 Rf4+ 37. Kg3 Rf7 38. Rb8+ Kg7 39.
Kg4 Rf4+ 40. Kg3 Rf7 41. Kg4 a5 42. Rxb6 Ra7 43. Rb3 a4 44. Ra3 Ra5 45. Kf3 Kf6
46. Ke4 Ke6 47. Kf3 Kf5 48. Kg3 Ke4 49. Kg4 Kd4 50. Kf3 Kc4 51. Ke4 Kb4 52. Ra1
a3 53. Kd4 0-1

[Event "AUT_chT"]
[Site "2005/2006"]
[Date "2006.01.15"]
[Round "7"]
[White "Shchekachev, Andrei"]
[Black "Rotstein, Arkadij"]
[Result "1/2-1/2"]
[WhiteElo "2570"]
[BlackElo "2520"]
[PlyCount "29"]
[EventDate "2005.10.??"]
[EventType "team"]
[EventRounds "11"]
[EventCountry "AUT"]
[WhiteTeam "Sparkasse Schwarzach"]
[BlackTeam "Tschaturanga Neubau"]
[WhiteTeamCountry "AUT"]
[BlackTeamCountry "AUT"]

1. Nf3 Nf6 2. c4 e6 3. Nc3 Bb4 4. Qc2 O-O 5. a3 Bxc3 6. Qxc3 b6 7. e3 Bb7 8.
Be2 c5 9. b4 d6 10. Bb2 Nbd7 11. O-O Rc8 12. d4 Qe7 13. Rfd1 cxd4 14. Qxd4 d5
15. cxd5 1/2-1/2

[Event "AUT_chT"]
[Site "2005/2006"]
[Date "2006.01.15"]
[Round "7"]
[White "Srienz, Christian"]
[Black "Zelcic, Robert"]
[Result "0-1"]
[WhiteElo "2233"]
[BlackElo "2514"]
[PlyCount "79"]
[EventDate "2005.10.??"]
[EventType "team"]
[EventRounds "11"]
[EventCountry "AUT"]
[WhiteTeam "Tschaturanga Neubau"]
[BlackTeam "Sparkasse Schwarzach"]
[WhiteTeamCountry "AUT"]
[BlackTeamCountry "AUT"]

1. e4 Nf6 2. e5 Nd5 3. d4 d6 4. c4 Nb6 5. exd6 cxd6 6. Nc3 g6 7. Be3 Bg7 8. Rc1
O-O 9. b3 a5 10. Qd2 a4 11. Be2 axb3 12. axb3 Nc6 13. Nf3 Bg4 14. Nb5 d5 15. c5
Nc8 16. b4 Ra4 17. Rb1 Bf5 18. Rb2 Ra1+ 19. Bd1 N8a7 20. Nxa7 Rxa7 21. O-O Bg4
22. b5 Na5 23. Be2 Bxf3 24. gxf3 Nc4 25. Bxc4 dxc4 26. Qc3 Qd5 27. Rb4 Qxf3 28.
Qxc4 Rd8 29. d5 Rxd5 30. c6 bxc6 31. bxc6 Be5 32. Qxd5 Qxd5 33. Bxa7 Qxc6 34.
Rfb1 Bxh2+ 35. Kxh2 Qc7+ 36. Kg1 Qxa7 37. Rb8+ Kg7 38. R8b7 Qa5 39. R1b5 Qe1+
40. Kg2 0-1

[Event "AUT_chT"]
[Site "2005/2006"]
[Date "2006.01.15"]
[Round "7"]
[White "Lendwai, Reinhard"]
[Black "Schwaninger, Wolfgang"]
[Result "1-0"]
[WhiteElo "2427"]
[BlackElo "2250"]
[PlyCount "169"]
[EventDate "2005.10.??"]
[EventType "team"]
[EventRounds "11"]
[EventCountry "AUT"]
[WhiteTeam "Sparkasse Schwarzach"]
[BlackTeam "Tschaturanga Neubau"]
[WhiteTeamCountry "AUT"]
[BlackTeamCountry "AUT"]

1. e4 c6 2. d4 g6 3. Nc3 d6 4. Be3 Bg7 5. Qd2 h5 6. f4 d5 7. e5 Nh6 8. Nf3 Bg4
9. Be2 e6 10. Nd1 Nd7 11. c3 a6 12. Bf2 Bf8 13. Bh4 Be7 14. Bxe7 Qxe7 15. O-O
Bxf3 16. Rxf3 Kf8 17. Ne3 c5 18. Rh3 Kg7 19. Rf1 Nf5 20. Nxf5+ exf5 21. Re3 Nf8
22. Bf3 Rd8 23. Rd3 c4 24. Re3 Ne6 25. Ree1 Rd7 26. g3 b5 27. Rb1 Rc8 28. Qg2
Qd8 29. a3 Qb6 30. Rf2 Rcd8 31. Bd1 Rc8 32. h3 Rg8 33. g4 hxg4 34. hxg4 Kf8 35.
Qh3 Ng7 36. gxf5 Nxf5 37. Bg4 Rd8 38. Re1 Qe6 39. Rh2 Ke7 40. Kf2 a5 41. Rg1 b4
42. axb4 axb4 43. Ra1 Ra8 44. Rhh1 Rgb8 45. Rhb1 b3 46. Rh1 Ra2 47. Rab1 Kd7
48. Qg2 Ke7 49. Rh7 Rd8 50. Bf3 Ra5 51. Qg5+ Kd7 52. Bg4 Rf8 53. Kf3 Ra2 54.
Rh2 Rfa8 55. Rhh1 Rg8 56. Kf2 Rga8 57. Bf3 Ne7 58. Bg4 Nf5 59. Rh7 Rf8 60. Rh6
Rd8 61. Bh3 Kc7 62. Bxf5 Qxf5 63. Qxf5 gxf5 64. Rh7 Rd7 65. Rh5 Kd8 66. Rxf5
Ke7 67. Rh5 Rd8 68. f5 Rda8 69. Rh7 Ra1 70. Rxa1 Rxa1 71. e6 Ra2 72. Rxf7+ Ke8
73. Rb7 Rxb2+ 74. Kg3 Re2 75. Kf4 b2 76. Kg5 Kd8 77. Kf6 Kc8 78. Rb5 Kc7 79.
Ke7 Kc6 80. Rb4 Rc2 81. f6 Rxc3 82. Rxb2 Rb3 83. Rxb3 cxb3 84. f7 b2 85. f8=Q
1-0

[Event "AUT_chT"]
[Site "2005/2006"]
[Date "2006.01.15"]
[Round "7"]
[White "Lenz, Alarich"]
[Black "Danner, Georg"]
[Result "1/2-1/2"]
[WhiteElo "2194"]
[BlackElo "2402"]
[PlyCount "128"]
[EventDate "2005.10.??"]
[EventType "team"]
[EventRounds "11"]
[EventCountry "AUT"]
[WhiteTeam "Tschaturanga Neubau"]
[BlackTeam "Sparkasse Schwarzach"]
[WhiteTeamCountry "AUT"]
[BlackTeamCountry "AUT"]

1. c4 f5 2. d4 Nf6 3. Nc3 e6 4. g3 Be7 5. Bg2 O-O 6. Nf3 Ne4 7. O-O Bf6 8. Qc2
Nxc3 9. Qxc3 d6 10. b4 Qe7 11. Bb2 Nd7 12. Qc2 e5 13. e4 fxe4 14. Qxe4 exd4 15.
Qxe7 Bxe7 16. Nxd4 Ne5 17. f4 Nd3 18. Bc3 Bf6 19. a3 c5 20. bxc5 Nxc5 21. Rab1
Re8 22. Nb5 Bxc3 23. Nxc3 Be6 24. Rfd1 Bxc4 25. Rxd6 Rad8 26. Rxd8 Rxd8 27. Rb4
Ba6 28. Bd5+ Kf8 29. f5 h6 30. f6 gxf6 31. Rh4 Re8 32. Rxh6 Kg7 33. Rh4 Re3 34.
Ne4 Nxe4 35. Rxe4 Rxa3 36. Re7+ Kg6 37. Be4+ f5 38. Re6+ Kg5 39. Re5 Ra1+ 40.
Kg2 Ra2+ 41. Kg1 Ra1+ 42. Kg2 Bf1+ 43. Kf2 Bh3 44. Bxb7 a5 45. Re1 Ra4 46. Re2
Rb4 47. Bc6 Rc4 48. Bb5 Rc5 49. Rb2 Kf6 50. Bd3 Rc3 51. Bb5 Ra3 52. Bc4 Ke5 53.
Bf1 Bxf1 54. Kxf1 a4 55. Ke2 Ra1 56. Kd3 a3 57. Re2+ Kf6 58. Kc3 Rf1 59. Ra2
Rf3+ 60. Kb4 Kg5 61. Rxa3 Rxa3 62. Kxa3 Kg4 63. h4 f4 64. gxf4 Kxf4 1/2-1/2

[Event "AUT_chT"]
[Site "2005/2006"]
[Date "2006.01.15"]
[Round "7"]
[White "Krstic, Uros"]
[Black "Kleiser, Gregor"]
[Result "1-0"]
[WhiteElo "2334"]
[BlackElo "2263"]
[PlyCount "89"]
[EventDate "2005.10.??"]
[EventType "team"]
[EventRounds "11"]
[EventCountry "AUT"]
[WhiteTeam "Sparkasse Schwarzach"]
[BlackTeam "Tschaturanga Neubau"]
[WhiteTeamCountry "AUT"]
[BlackTeamCountry "AUT"]

1. e4 c5 2. Nf3 e6 3. d4 cxd4 4. Nxd4 a6 5. Bd3 Qb6 6. Nb3 Qc7 7. Nc3 Nf6 8.
Qe2 d6 9. g4 h6 10. f4 Nc6 11. Be3 b5 12. Qg2 Bb7 13. O-O-O Nb4 14. Kb1 O-O-O
15. g5 hxg5 16. fxg5 Nd7 17. g6 Ne5 18. Nd4 Nxg6 19. Nxe6 Nh4 20. Nxc7 Nxg2 21.
Bb6 Nf4 22. Rhf1 Nfxd3 23. cxd3 Rd7 24. a3 Nc6 25. N7d5 Kb8 26. Rd2 Ne5 27. Kc2
Rh7 28. Rdf2 f6 29. Rg2 Bc8 30. Be3 Rf7 31. Ra1 Rh3 32. d4 Nf3 33. Nf4 Rxh2 34.
Rxh2 Nxh2 35. Ng6 Ng4 36. Bf4 Kc7 37. Rh1 Bb7 38. Rh7 Be7 39. Nh8 Rf8 40. Rxg7
Rxh8 41. Rxe7+ Kb6 42. Bxd6 Ne3+ 43. Kb1 Nc4 44. Bc5+ Kc6 45. Nd5 1-0

[Event "AUT_chT"]
[Site "2005/2006"]
[Date "2006.01.15"]
[Round "7"]
[White "Baklan, Vladimir"]
[Black "Gyimesi, Zoltan"]
[Result "1-0"]
[WhiteElo "2601"]
[BlackElo "2602"]
[PlyCount "53"]
[EventDate "2005.10.??"]
[EventType "team"]
[EventRounds "11"]
[EventCountry "AUT"]
[WhiteTeam "Holz Dohr - Semriach"]
[BlackTeam "Union Ansfelden"]
[WhiteTeamCountry "AUT"]
[BlackTeamCountry "AUT"]

1. e4 e5 2. Nf3 Nc6 3. d4 exd4 4. Nxd4 Bc5 5. Be3 Qf6 6. c3 Nge7 7. g3 d5 8.
Bg2 Bxd4 9. cxd4 dxe4 10. Nc3 Bf5 11. O-O O-O 12. Nxe4 Qg6 13. Nc3 Nb4 14. Qb3
a5 15. a3 Nc2 16. Rac1 Rab8 17. Ne2 Nxe3 18. fxe3 Qd6 19. Qc3 Nd5 20. Qxa5 Nxe3
21. Rxf5 Nxf5 22. Qxf5 Rfe8 23. Qf2 g6 24. Nc3 Re6 25. Rf1 Rf8 26. Bxb7 c6 27.
Bxc6 1-0

[Event "AUT_chT"]
[Site "2005/2006"]
[Date "2006.01.15"]
[Round "7"]
[White "Ftacnik, Lubomir"]
[Black "Kindermann, Stefan"]
[Result "1/2-1/2"]
[WhiteElo "2606"]
[BlackElo "2535"]
[PlyCount "59"]
[EventDate "2005.10.??"]
[EventType "team"]
[EventRounds "11"]
[EventCountry "AUT"]
[WhiteTeam "Union Ansfelden"]
[BlackTeam "Holz Dohr - Semriach"]
[WhiteTeamCountry "AUT"]
[BlackTeamCountry "AUT"]

1. d4 d5 2. c4 c6 3. Nc3 Nf6 4. Nf3 a6 5. a4 e6 6. g3 c5 7. cxd5 cxd4 8. Nxd4
Nxd5 9. Nc2 Nc6 10. Bg2 Nxc3 11. Qxd8+ Nxd8 12. bxc3 Bd7 13. O-O Rc8 14. Bd2
Be7 15. Rfb1 Bc6 16. e4 O-O 17. Nd4 Bd7 18. e5 Rc7 19. Rb3 h6 20. h4 Bc5 21.
Be3 Re8 22. a5 Bxd4 23. cxd4 Bc6 24. Rc3 Rd7 25. Bf1 Kf8 26. Rac1 Bd5 27. Be2
Nc6 28. Rc5 Red8 29. h5 Ne7 30. g4 1/2-1/2

[Event "AUT_chT"]
[Site "2005/2006"]
[Date "2006.01.15"]
[Round "7"]
[White "Kosten, Anthony C"]
[Black "Babula, Vlastimil"]
[Result "1/2-1/2"]
[WhiteElo "2501"]
[BlackElo "2585"]
[PlyCount "61"]
[EventDate "2005.10.??"]
[EventType "team"]
[EventRounds "11"]
[EventCountry "AUT"]
[WhiteTeam "Holz Dohr - Semriach"]
[BlackTeam "Union Ansfelden"]
[WhiteTeamCountry "AUT"]
[BlackTeamCountry "AUT"]

1. e4 c5 2. Nf3 Nc6 3. d4 cxd4 4. Nxd4 Nf6 5. Nc3 e5 6. Ndb5 d6 7. Bg5 a6 8.
Na3 b5 9. Bxf6 gxf6 10. Nd5 f5 11. Bd3 Be6 12. O-O Bxd5 13. exd5 Ne7 14. c3 Bg7
15. Qh5 e4 16. Bc2 Qc8 17. Rae1 O-O 18. f3 b4 19. cxb4 Bxb2 20. fxe4 Bxa3 21.
Re3 Qxc2 22. Rg3+ Ng6 23. Rh3 Rfc8 24. Qxh7+ Kf8 25. Rh5 Ra7 26. Rhxf5 Ne5 27.
Qh8+ Ke7 28. Qf6+ Ke8 29. Qh8+ Ke7 30. Rxe5+ dxe5 31. Qf6+ 1/2-1/2

[Event "AUT_chT"]
[Site "2005/2006"]
[Date "2006.01.15"]
[Round "7"]
[White "Stanec, Nikolaus"]
[Black "Freitag, Manfred"]
[Result "1-0"]
[WhiteElo "2543"]
[BlackElo "2419"]
[PlyCount "143"]
[EventDate "2005.10.??"]
[EventType "team"]
[EventRounds "11"]
[EventCountry "AUT"]
[WhiteTeam "Union Ansfelden"]
[BlackTeam "Holz Dohr - Semriach"]
[WhiteTeamCountry "AUT"]
[BlackTeamCountry "AUT"]

1. Nf3 d5 2. d4 Nf6 3. c4 c6 4. e3 a6 5. Nc3 e6 6. c5 b6 7. cxb6 Qxb6 8. Bd3 a5
9. O-O Ba6 10. Na4 Qc7 11. Bxa6 Rxa6 12. b3 Nbd7 13. Bb2 Bd6 14. Qe2 Ra8 15.
Rac1 O-O 16. Rc2 Rfc8 17. Rfc1 Qb7 18. Ne5 Nb8 19. h3 Nfd7 20. e4 dxe4 21. Qxe4
Nf6 22. Qf3 Nd5 23. Nc4 Bf8 24. Bc3 Qc7 25. Bd2 Rd8 26. Qe4 Bb4 27. Be3 Ra6 28.
Ne5 Ba3 29. Re1 Bb4 30. Rf1 Nd7 31. Bg5 Rb8 32. Nc4 Rb5 33. Bh4 Qf4 34. Qxf4
Nxf4 35. Bg3 Nd5 36. Rfc1 Rb7 37. Nd6 Rc7 38. Nc4 Rc8 39. Kf1 f6 40. Ne3 Ne7
41. Re2 Kf7 42. Bh2 c5 43. dxc5 Ba3 44. Rc4 Bxc5 45. Rd2 Bxe3 46. Rxd7 Rxc4 47.
bxc4 Bg5 48. Bd6 f5 49. c5 e5 50. Nb6 Ke6 51. Rb7 Bf6 52. Nd7 Nc8 53. Bf8 Ra7
54. c6 Kd5 55. Rb8 Kxc6 56. Nxf6 Kc7 57. Rxc8+ Kxc8 58. Nxh7 Kd7 59. Ng5 Kc6
60. g4 fxg4 61. hxg4 Kd5 62. Kg2 Ra8 63. Nh7 Ra7 64. Kg3 Rf7 65. g5 e4 66. g6
Rf3+ 67. Kg2 Ke5 68. Bxg7+ Kf5 69. Nf8 Kg5 70. Nd7 Kf5 71. Bd4 Kf4 72. Ne5 1-0

[Event "AUT_chT"]
[Site "2005/2006"]
[Date "2006.01.15"]
[Round "7"]
[White "Karner, Christoph"]
[Black "Weiss, Christian"]
[Result "1/2-1/2"]
[WhiteElo "2338"]
[BlackElo "2437"]
[PlyCount "74"]
[EventDate "2005.10.??"]
[EventType "team"]
[EventRounds "11"]
[EventCountry "AUT"]
[WhiteTeam "Holz Dohr - Semriach"]
[BlackTeam "Union Ansfelden"]
[WhiteTeamCountry "AUT"]
[BlackTeamCountry "AUT"]

1. d4 Nf6 2. c4 c5 3. d5 b5 4. Nf3 Bb7 5. a4 bxc4 6. Nc3 d6 7. e4 g6 8. Bxc4
Bg7 9. O-O O-O 10. Re1 Nbd7 11. a5 a6 12. h3 Ne8 13. Bf4 Ne5 14. Nxe5 dxe5 15.
Be3 Nd6 16. Qe2 Qc7 17. f3 Rfb8 18. Na4 Qxa5 19. Nxc5 Qd8 20. Bxa6 Bxa6 21.
Rxa6 Rxa6 22. Nxa6 Rb5 23. Rc1 Qa5 24. Nc5 h5 25. Qc2 Kh7 26. Nd3 f5 27. Nc5
Qb4 28. b3 fxe4 29. fxe4 Bh6 30. Bxh6 Kxh6 31. Qf2 Qd4 32. Qxd4 exd4 33. Kf1 d3
34. Nxd3 Nxe4 35. Re1 Nd2+ 36. Kg1 Rxd5 37. Nf2 Nxb3 1/2-1/2

[Event "AUT_chT"]
[Site "2005/2006"]
[Date "2006.01.15"]
[Round "7"]
[White "Knoll, Hermann"]
[Black "Wegerer, Fred"]
[Result "1-0"]
[WhiteElo "2361"]
[BlackElo "2271"]
[PlyCount "87"]
[EventDate "2005.10.??"]
[EventType "team"]
[EventRounds "11"]
[EventCountry "AUT"]
[WhiteTeam "Union Ansfelden"]
[BlackTeam "Holz Dohr - Semriach"]
[WhiteTeamCountry "AUT"]
[BlackTeamCountry "AUT"]

1. e4 d5 2. Nc3 dxe4 3. Nxe4 Nc6 4. Nf3 Qd5 5. Nc3 Qd6 6. d4 Bg4 7. d5 Ne5 8.
Be2 Bxf3 9. gxf3 a6 10. Qd4 Qf6 11. Qa4+ Nd7 12. Be3 O-O-O 13. O-O-O Nb6 14.
Qa5 g5 15. Rhg1 h5 16. Ne4 Qe5 17. Rxg5 Qxh2 18. Qc3 Nf6 19. d6 Rd7 20. Nxf6
exf6 21. Qxf6 Rh6 22. Qf5 Rhxd6 23. Rxd6 Qxd6 24. Rg8 Nd5 25. Bd2 c5 26. Bd3
Nb4 27. Bf4 Nxd3+ 28. cxd3 Qe7 29. Qe5 Rd8 30. Qb8+ Kd7 31. Qxb7+ Ke6 32. Qxa6+
Kf5 33. Be3 Rd6 34. Qc8+ Re6 35. Qxf8 Rxe3 36. fxe3 Qxe3+ 37. Kc2 Qe2+ 38. Kc3
Qe1+ 39. Kc4 Qb4+ 40. Kd5 Qd4+ 41. Kc6 Qa4+ 42. Kxc5 Qa5+ 43. Kc4 Qxa2+ 44. Kc3
1-0

[Event "AUT_chT"]
[Site "2005/2006"]
[Date "2006.01.15"]
[Round "7"]
[White "Boensch, Uwe"]
[Black "Voloshin, Leonid"]
[Result "1/2-1/2"]
[WhiteElo "2538"]
[BlackElo "2466"]
[PlyCount "76"]
[EventDate "2005.10.??"]
[EventType "team"]
[EventRounds "11"]
[EventCountry "AUT"]
[WhiteTeam "Sparkasse Jenbach"]
[BlackTeam "Sparkasse Goetzis"]
[WhiteTeamCountry "AUT"]
[BlackTeamCountry "AUT"]

1. d4 Nf6 2. c4 e6 3. Nf3 Bb4+ 4. Nbd2 d5 5. a3 Be7 6. e3 b6 7. b4 O-O 8. Bb2
c5 9. dxc5 bxc5 10. b5 a6 11. a4 axb5 12. axb5 Bb7 13. Be2 Nbd7 14. O-O Nb6 15.
Ne5 Qc7 16. Qc2 Nfd7 17. Nxd7 Nxd7 18. cxd5 exd5 19. Nb3 c4 20. Nd4 Bf6 21. Nf5
Qb6 22. Bxf6 Qxf6 23. Nd4 Nc5 24. Bf3 g6 25. h3 Qb6 26. Rab1 Ra5 27. Rfd1 Ne6
28. Qb2 Nxd4 29. Qxd4 Qxd4 30. Rxd4 c3 31. Bxd5 c2 32. Rc1 Rxb5 33. Bxf7+ Rxf7
34. Rxc2 Re5 35. Kh2 Kg7 36. Rcd2 Ree7 37. h4 Kh6 38. Kg3 Kg7 1/2-1/2

[Event "AUT_chT"]
[Site "2005/2006"]
[Date "2006.01.15"]
[Round "7"]
[White "Dobosz, Henryk"]
[Black "Schlosser, Philipp"]
[Result "1/2-1/2"]
[WhiteElo "2433"]
[BlackElo "2560"]
[PlyCount "38"]
[EventDate "2005.10.??"]
[EventType "team"]
[EventRounds "11"]
[EventCountry "AUT"]
[WhiteTeam "Sparkasse Goetzis"]
[BlackTeam "Sparkasse Jenbach"]
[WhiteTeamCountry "AUT"]
[BlackTeamCountry "AUT"]

1. c4 Nf6 2. d4 e6 3. Nf3 d5 4. e3 a6 5. a3 Nbd7 6. c5 a5 7. Nc3 c6 8. Bd2 e5
9. b4 e4 10. Ng1 g6 11. b5 Bh6 12. Qa4 Nb8 13. Nge2 O-O 14. bxc6 bxc6 15. Nf4
Ne8 16. Be2 f5 17. h4 Nc7 18. Rb1 Bxf4 19. exf4 Ba6 1/2-1/2

[Event "AUT_chT"]
[Site "2005/2006"]
[Date "2006.01.15"]
[Round "7"]
[White "Schmidlechner, Alexander"]
[Black "Lehner, Oliver"]
[Result "0-1"]
[WhiteElo "2245"]
[BlackElo "2408"]
[PlyCount "42"]
[EventDate "2005.10.??"]
[EventType "team"]
[EventRounds "11"]
[EventCountry "AUT"]
[WhiteTeam "Sparkasse Goetzis"]
[BlackTeam "Sparkasse Jenbach"]
[WhiteTeamCountry "AUT"]
[BlackTeamCountry "AUT"]

1. d4 e6 2. c4 Nf6 3. Nf3 c5 4. d5 exd5 5. cxd5 d6 6. Nc3 g6 7. e4 Bg7 8. Nd2
O-O 9. Be2 Na6 10. O-O Nc7 11. a4 Re8 12. Re1 Rb8 13. Ra2 a6 14. a5 Bd7 15. Bf1
Nb5 16. f3 Nh5 17. Ne2 f5 18. b3 Nc3 19. Nxc3 Bd4+ 20. Kh1 Ng3+ 21. hxg3 Qg5
0-1